[Event "POL-chT 2 Liga 2019"]
[Site "Poronin"]
[Date "2019.09.11"]
[Round "5.6"]
[White "Swiech, Joanna"]
[Black "Starosta, Martyna"]
[Result "1-0"]
[WhiteElo "2055"]
[BlackElo "1814"]
[Annotator "NA"]
[PlyCount "71"]
[EventDate "2019.09.07"]
[EventType "team-tourn"]
[EventCountry "POL"]
[SourceTitle "playchess.com"]
[Source "ChessBase"]
[SourceQuality "1"]
[TimeControl "40/5400+30:1800+30"]

1. d4 {[%emt 0:00:00]} Nf6 {[%emt 0:00:00]} 2. c4 {[%emt 0:00:00]} g6 {[%emt 0:00:00]} 3. Nc3 {[%emt 0:00:00]} d5 {[%emt 0:00:00]} 4. Bf4 {[%emt 0:00:00]} Bg7 {[%emt 0:00:27]} 5. e3 {[%emt 0:00:09]} O-O {[%emt 0:00:28]} 6. Rc1 {[%emt 0:00:27]} c5 {[%emt 0:01:43]} 7. dxc5 {[%emt 0:00:20]} Qa5 {[%emt 0:00:51]} 8. cxd5 {[%emt 0:00:41]} Ne4 {[%emt 0:01:53]} 9. Nge2 {[%emt 0:15:19]} Nxc5 {[%emt 0:07:19]} 10. a3 {[%emt 0:02:37]} Nca6 {[%emt 0:07:48]} 11. Nd4 {[%emt 0:04:57]} e5 {[%emt 0:04:21]} 12. dxe6 {[%emt 0:02:33]} fxe6 {[%emt 0:01:47]} 13. Nb3 {[%emt 0:13:52]} Qf5 {[%emt 0:04:21]} 14. Bd3 {[%emt 0:01:15]} Qf7 {[%emt 0:00:34]} 15. O-O {[%emt 0:02:53]} e5 {[%emt 0:00:50]} 16. Bg3 {[%emt 0:12:17]} Be6 {[%emt 0:02:20]} 17. Nd2 {[%emt 0:01:03]} Nc5 {[%emt 0:01:56]} 18. Bb1 {[%emt 0:08:08]} Rd8 {[%emt 0:05:27]} 19. Qe2 {[%emt 0:00:25]} Nc6 {[%emt 0:05:33]} 20. Nce4 {[%emt 0:01:33]} Nb3 {[%emt 0:02:43]} 21. Nxb3 {[%emt 0:00:43]} Bxb3 {[%emt 0:00:09]} 22. Nc5 {[%emt 0:03:44]} Bd5 {[%emt 0:03:32]} 23. Be4 {[%emt 0:03:54]} Na5 {[%emt 0:14:04]} 24. Bxd5 {[%emt 0:01:29]} Rxd5 {[%emt 0:01:01]} 25. b4 {[%emt 0:01:58]} b6 {[%emt 0:01:59]} 26. Ne4 {[%emt 0:04:37]} Nb7 {[%emt 0:00:54]} 27. Ng5 {[%emt 0:01:27]} Qd7 {[%emt 0:01:18]} 28. e4 {[%emt 0:02:29]} Rd6 {[%emt 0:04:36]} 29. Qc4+ {[%emt 0:01:30]} Kf8 {[%emt 0:00:30]} 30. Nxh7+ {[%emt 0:00:10]} Ke7 {[%emt 0:01:11]} 31. Bh4+ {[%emt 0:00:21]} Bf6 {[%emt 0:00:21]} 32. Nxf6 {[%emt 0:00:39]} Rxf6 {[%emt 0:00:27]} 33. Rfd1 {[%emt 0:01:40]} Nd6 {[%emt 0:00:52]} 34. Qd5 {[%emt 0:01:19]} Rd8 {[%emt 0:00:43]} 35. Qxe5+ {[%emt 0:00:13]} Qe6 {[%emt 0:00:16]} 36. Bxf6+ {[%emt 0:00:16]} 1-0

[Event "POL-chT 2 Liga 2019"]
[Site "Poronin"]
[Date "2019.09.11"]
[Round "5.8"]
[White "Jakubiec, Artur"]
[Black "Marszalek, Maciej"]
[Result "1/2-1/2"]
[WhiteElo "2472"]
[BlackElo "2301"]
[Annotator "TA"]
[PlyCount "115"]
[EventDate "2019.09.07"]
[EventType "team-tourn"]
[EventCountry "POL"]
[SourceTitle "playchess.com"]
[Source "ChessBase"]
[SourceQuality "1"]

{[%evp 10,115,18,4,26,4,4,11,10,0,22,2,23,15,7,0,0,0,7,0,0,0,18,32,28,28,20,35,47,32,54,39,69,16,28,10,11,11,43,7,22,21,61,0,0,0,0,0,0,-28,-28,-99,0,-64,0,0,41,49,86,73,82,81,97,86,158,139,170,166,306,-20,58,12,37,26,160,0,12,0,56,8,27,0,37,0,0,0,0,0,0,0,0,0,0,0,0,0,132,40,56,0,0,0,0,0,0,0,0,0]} 1. e4 e5 2. Nf3 Nc6 3. Bc4 Bc5 4. O-O Nf6 5. d3 d6 6. a4 a5 {C50: Hungarian Defence and Giuoco Pianissimo} 7. c3 h6 8. Re1 O-O 9. Nbd2 Bb6 (9... Be6 10. Bxe6 fxe6 11. Nc4 Ng4 12. Ne3 Bxe3 13. Bxe3 d5 14. Bc5 Re8 {½-½ (37) Hou,Y (2662)-Tari,A (2618) England 2019}) 10. Nf1 Ne7 11. Ng3 $146 ({Predecessor:} 11. h3 Ng6 12. Bb3 Be6 13. Ng3 {0-1 (39) Claros Egea,C (2100)-Medina Menendez,E Malaga 2003}) 11... Ng6 12. Bb3 Re8 13. h3 Be6 14. d4 Bxb3 15. Qxb3 Qd7 16. Be3 exd4 17. Bxd4 Bxd4 18. cxd4 c6 19. Re3 Nf4 20. Rae1 Nh7 21. Ne2 (21. Nf5 $14) 21... Nxe2+ $11 22. R1xe2 Nf6 23. Nd2 Qc7 24. Nf1 Rab8 25. Ng3 b5 {[%cal Bb7b5,Bb5a4][%mdl 32]} 26. e5 (26. Rf3 $14 bxa4 27. Qxa4) 26... dxe5 27. dxe5 Nd5 {Threatens to win with ...bxa4.} 28. Re4 bxa4 29. Qf3 Re6 30. Nf5 (30. Qa3 $11) 30... Rb4 (30... Rb3 $1 $17 {[%cal Rb3f3]} 31. Qg4 Rg6) 31. Rg4 (31. Nd4 $11) 31... Rxg4 (31... g5 $15 32. Rxb4 axb4) 32. Qxg4 {[%csl Gf5][%cal Rg4g7][%mdl 64] Double Attack} Rg6 33. Qxa4 Qb6 34. Qe4 Qb3 35. Kh2 Qd1 36. Nd4 Ne7 {[#]} (36... Qa4 $142) 37. f4 $1 $16 {[%cal Rf4f5] Strongly threatening f5.} c5 38. f5 Ra6 (38... Rb6 {is a better defense.} 39. f6 cxd4 40. fxe7 Rb8) 39. Nf3 $2 ({White must play} 39. Qb7 $18 {And now e6 would win.} Qxd4 40. Qxa6) 39... Qd7 (39... Nxf5 $1 $11 40. Re1 (40. Rd2 Qh1+ {[%mdl 64] Decoy} 41. Kxh1 Ng3+ {[%mdl 64] Double Attack} 42. Kh2 Nxe4 $15) 40... Qd7) 40. e6 Qc7+ 41. g3 f6 {[#]} (41... fxe6 $11 {keeps the balance.} 42. fxe6 Rb6) 42. Kg2 $2 ({Only move:} 42. Nh4 $1 $16) 42... Rd6 43. g4 Rd5 ({Black should play} 43... Kh7 $11) 44. Qa4 (44. Rd2 $5 {[%cal Rd2d5]} Rxd2+ 45. Nxd2 $14) 44... Kh7 45. Qe4 Qd6 46. Qe3 Rd3 47. Rd2 $36 {[%mdl 2048] White has some pressure.} c4 48. Rxd3 cxd3 49. Kf2 h5 50. Qd4 Qb8 51. Ke3 Qb3 52. Nd2 Qb8 (52... Qd1 $11 53. Kxd3 Nc6) 53. Ne4 ({Better is} 53. Kxd3 $16 {Qc5 is the strong threat.} Qh2 54. Qe3) 53... Qh2 54. Qd7 (54. Nf2 $14) 54... Qe2+ {The position is equal.} 55. Kf4 $1 Qh2+ 56. Ke3 Qe2+ 57. Kf4 $1 Qh2+ 58. Ke3 {Accuracy: White = 39%, Black = 36%.} 1/2-1/2

[Event "POL-chT 2 Liga 2019"]
[Site "Poronin"]
[Date "2019.09.11"]
[Round "5.9"]
[White "Brzeski, Maciej"]
[Black "Tymrakiewicz, Rafal"]
[Result "1-0"]
[WhiteElo "2339"]
[BlackElo "2257"]
[Annotator "NA"]
[PlyCount "118"]
[EventDate "2019.09.07"]
[EventType "team-tourn"]
[EventCountry "POL"]
[SourceTitle "playchess.com"]
[Source "ChessBase"]
[SourceQuality "1"]
[TimeControl "40/5400+30:1800+30"]

1. e4 {[%emt 0:00:00]} c6 {[%emt 0:04:49]} 2. d4 {[%emt 0:00:00]} g6 {[%emt 0:00:37]} 3. f4 {[%emt 0:02:59]} Bg7 {[%emt 0:03:00]} 4. Nf3 {[%emt 0:00:45]} d5 {[%emt 0:01:36]} 5. e5 {[%emt 0:00:09]} Bg4 {[%emt 0:00:44]} 6. h3 {[%emt 0:01:07]} Bxf3 {[%emt 0:02:37]} 7. Qxf3 {[%emt 0:00:04]} e6 {[%emt 0:02:50]} 8. Be3 {[%emt 0:03:31]} Qb6 {[%emt 0:10:36]} 9. b3 {[%emt 0:05:20]} Ne7 {[%emt 0:03:27]} 10. Bd3 {[%emt 0:01:30]} Nd7 {[%emt 0:02:34]} 11. Nd2 {[%emt 0:12:58]} f6 {[%emt 0:06:54]} 12. O-O {[%emt 0:09:51]} O-O {[%emt 0:11:28]} 13. Qe2 {[%emt 0:07:07]} c5 {[%emt 0:14:47]} 14. Nf3 {[%emt 0:13:12]} fxe5 {[%emt 0:04:12]} 15. dxe5 {[%emt 0:00:04]} Bh6 {[%emt 0:09:29]} 16. g3 {[%emt 0:01:30]} Nf5 {[%emt 0:02:33]} 17. Bf2 {[%emt 0:01:11]} Nxg3 {[%emt 0:01:29]} 18. Bxg3 {[%emt 0:01:57]} c4+ {[%emt 0:00:14]} 19. Bf2 {[%emt 0:02:25]} cxd3 {[%emt 0:00:15]} 20. Qxd3 {[%emt 0:12:14]} Qb4 {[%emt 0:06:21]} 21. Nd4 {[%emt 0:02:03]} Qe7 {[%emt 0:01:30]} 22. Bg3 {[%emt 0:05:51]} Nc5 {[%emt 0:01:14]} 23. Qf3 {[%emt 0:00:30]} Ne4 {[%emt 0:00:28]} 24. Qg4 {[%emt 0:00:21]} Nxg3 {[%emt 0:05:31]} 25. Qxg3 {[%emt 0:00:01]} Kh8 {[%emt 0:01:37]} 26. Kh1 {[%emt 0:00:56]} Rac8 {[%emt 0:00:28]} 27. Rad1 {[%emt 0:03:34]} b5 {[%emt 0:00:29]} 28. Qg4 {[%emt 0:01:50]} Rfe8 {[%emt 0:00:08]} 29. Rd3 {[%emt 0:00:04]} b4 {[%emt 0:00:18]} 30. h4 {[%emt 0:00:27]} Rc3 {[%emt 0:01:28]} 31. Rxc3 {[%emt 0:01:11]} bxc3 {[%emt 0:00:01]} 32. Rf3 {[%emt 0:00:24]} Qf7 {[%emt 0:01:30]} 33. Kg2 {[%emt 0:00:36]} a6 {[%emt 0:00:23]} 34. Ne2 {[%emt 0:08:29]} Rc8 {[%emt 0:00:27]} 35. Qh3 {[%emt 0:00:05]} Kg7 {[%emt 0:00:50]} 36. Nd4 {[%emt 0:00:33]} Re8 {[%emt 0:00:11]} 37. Qg4 {[%emt 0:00:52]} Kh8 {[%emt 0:00:07]} 38. Ne2 {[%emt 0:00:38]} Rc8 {[%emt 0:00:53]} 39. Qh3 {[%emt 0:00:25]} Bf8 {[%emt 0:00:31]} 40. Rxc3 {[%emt 0:00:00]} Rxc3 {[%emt 0:00:00]} 41. Qxc3 {[%emt 0:03:15]} Qf5 {[%emt 0:05:22]} 42. Qc8 {[%emt 0:18:57]} Qg4+ {[%emt 0:13:30]} 43. Ng3 {[%emt 0:04:28]} Kg7 {[%emt 0:04:51]} 44. Qd7+ {[%emt 0:00:26]} Kg8 {[%emt 0:04:06]} 45. c4 {[%emt 0:01:12]} dxc4 {[%emt 0:00:51]} 46. bxc4 {[%emt 0:00:02]} Bh6 {[%emt 0:01:13]} 47. Qd8+ {[%emt 0:04:40]} Kf7 {[%emt 0:02:20]} 48. Qf6+ {[%emt 0:01:26]} Kg8 {[%emt 0:01:08]} 49. Qd8+ {[%emt 0:00:52]} Kf7 {[%emt 0:00:19]} 50. Qd7+ {[%emt 0:00:56]} Kf8 {[%emt 0:01:10]} 51. f5 {[%emt 0:00:27]} Bf4 {[%emt 0:00:52]} 52. Qc8+ {[%emt 0:00:24]} Kf7 {[%emt 0:00:41]} 53. Qxe6+ {[%emt 0:00:12]} Kf8 {[%emt 0:00:38]} 54. Qc8+ {[%emt 0:00:41]} Kf7 {[%emt 0:00:31]} 55. Qd7+ {[%emt 0:00:12]} Kf8 {[%emt 0:00:17]} 56. Qd8+ {[%emt 0:00:08]} Kg7 {[%emt 0:00:59]} 57. f6+ {[%emt 0:00:13]} Kf7 {[%emt 0:00:25]} 58. Qe7+ Kg8 59. Qd7 Kh8 1-0

[Event "POL-chT 2 Liga 2019"]
[Site "Poronin"]
[Date "2019.09.11"]
[Round "5.10"]
[White "Szoen, Dariusz"]
[Black "Lukasiewicz, Grzegorz"]
[Result "1-0"]
[WhiteElo "2415"]
[BlackElo "2164"]
[Annotator "NA"]
[PlyCount "69"]
[EventDate "2019.09.07"]
[EventType "team-tourn"]
[EventCountry "POL"]
[SourceTitle "playchess.com"]
[Source "ChessBase"]
[SourceQuality "1"]
[TimeControl "40/5400+30:1800+30"]

1. d4 {[%emt 0:00:00]} d5 {[%emt 0:00:05]} 2. Nf3 {[%emt 0:00:00]} Nf6 {[%emt 0:02:26]} 3. c4 {[%emt 0:00:00]} e6 {[%emt 0:00:19]} 4. Nc3 {[%emt 0:00:18]} Be7 {[%emt 0:00:41]} 5. e3 {[%emt 0:00:35]} O-O {[%emt 0:01:11]} 6. Qc2 {[%emt 0:01:57]} b6 {[%emt 0:03:59]} 7. Bd3 {[%emt 0:07:17]} Bb7 {[%emt 0:02:39]} 8. cxd5 {[%emt 0:04:41]} exd5 {[%emt 0:00:28]} 9. g4 {[%emt 0:00:41]} Nbd7 {[%emt 0:14:23]} 10. g5 {[%emt 0:04:57]} Ne4 {[%emt 0:00:29]} 11. Nxe4 {[%emt 0:03:17]} dxe4 {[%emt 0:00:10]} 12. Bxe4 {[%emt 0:00:02]} Bxe4 {[%emt 0:00:20]} 13. Qxe4 {[%emt 0:00:05]} Bxg5 {[%emt 0:01:10]} 14. Bd2 {[%emt 0:04:51]} Bf6 {[%emt 0:17:20]} 15. Bc3 {[%emt 0:03:53]} Re8 {[%emt 0:07:27]} 16. Qf4 {[%emt 0:08:42]} c5 {[%emt 0:03:06]} 17. Rd1 {[%emt 0:11:08]} Qe7 {[%emt 0:03:25]} 18. O-O {[%emt 0:03:14]} Rac8 {[%emt 0:03:26]} 19. Rfe1 {[%emt 0:00:28]} cxd4 {[%emt 0:08:10]} 20. exd4 {[%emt 0:06:05]} Qd8 {[%emt 0:01:36]} 21. Ne5 {[%emt 0:01:58]} Qc7 {[%emt 0:01:28]} 22. Qf5 {[%emt 0:01:22]} Bxe5 {[%emt 0:01:05]} 23. dxe5 {[%emt 0:00:19]} Nf8 {[%emt 0:00:05]} 24. Rd6 {[%emt 0:03:01]} Re6 {[%emt 0:00:10]} 25. Red1 {[%emt 0:00:53]} Rce8 {[%emt 0:00:20]} 26. Qd3 {[%emt 0:01:07]} Qe7 {[%emt 0:02:34]} 27. f4 {[%emt 0:02:14]} Rg6+ {[%emt 0:08:04]} 28. Kh1 Qh4 {[%emt 0:13:01]} 29. Qf3 {[%emt 0:14:59]} Ne6 {[%emt 0:02:13]} 30. f5 {[%emt 0:03:22]} Ng5 {[%emt 0:00:35]} 31. Qc6 {[%emt 0:00:45]} Rf8 {[%emt 0:02:19]} 32. fxg6 {[%emt 0:00:37]} Ne4 {[%emt 0:00:06]} 33. gxh7+ {[%emt 0:01:12]} Kxh7 {[%emt 0:00:22]} 34. Re1 {[%emt 0:05:34]} Nf2+ {[%emt 0:00:32]} 35. Kg2 {[%emt 0:00:22]} 1-0

[Event "POL-chT 2 Liga 2019"]
[Site "Poronin"]
[Date "2019.09.11"]
[Round "5.11"]
[White "Pulik, Krzysztof"]
[Black "Gmaj, Krzysztof"]
[Result "1-0"]
[WhiteElo "2131"]
[BlackElo "2120"]
[Annotator "NA"]
[PlyCount "139"]
[EventDate "2019.09.07"]
[EventType "team-tourn"]
[EventCountry "POL"]
[SourceTitle "playchess.com"]
[Source "ChessBase"]
[SourceQuality "1"]
[TimeControl "40/5400+30:1800+30"]

1. e4 {[%emt 0:00:00]} e6 {[%emt 0:00:00]} 2. d4 {[%emt 0:00:00]} d5 {[%emt 0:00:00]} 3. Nd2 {[%emt 0:00:00]} h6 {[%emt 0:00:00]} 4. Ngf3 {[%emt 0:00:23]} Nf6 {[%emt 0:00:00]} 5. Bd3 {[%emt 0:01:25]} c5 {[%emt 0:00:12]} 6. dxc5 {[%emt 0:00:23]} Bxc5 {[%emt 0:00:49]} 7. Qe2 {[%emt 0:00:17]} Nc6 {[%emt 0:01:59]} 8. O-O {[%emt 0:01:44]} O-O {[%emt 0:08:56]} 9. c3 {[%emt 0:02:26]} a5 {[%emt 0:03:40]} 10. h3 {[%emt 0:04:05]} Re8 {[%emt 0:02:51]} 11. Rd1 {[%emt 0:05:09]} Qe7 {[%emt 0:05:50]} 12. exd5 {[%emt 0:09:15]} exd5 {[%emt 0:01:46]} 13. Qxe7 {[%emt 0:00:08]} Rxe7 {[%emt 0:00:29]} 14. Nb3 {[%emt 0:00:41]} Bb6 {[%emt 0:01:00]} 15. Nbd4 {[%emt 0:01:14]} Bd7 {[%emt 0:07:07]} 16. Be3 {[%emt 0:01:40]} Ba7 {[%emt 0:04:22]} 17. Re1 {[%emt 0:05:53]} Nxd4 {[%emt 0:10:36]} 18. Nxd4 {[%emt 0:05:28]} Ree8 19. Rad1 {[%emt 0:01:24]} Ne4 {[%emt 0:08:17]} 20. Nb5 {[%emt 0:02:43]} Bxe3 {[%emt 0:05:01]} 21. Rxe3 {[%emt 0:00:16]} Nf6 {[%emt 0:03:54]} 22. Rxe8+ {[%emt 0:11:09]} Rxe8 {[%emt 0:00:56]} 23. Nd4 {[%emt 0:01:16]} Kf8 {[%emt 0:00:24]} 24. Kf1 {[%emt 0:00:34]} Rb8 {[%emt 0:01:41]} 25. Bb5 {[%emt 0:02:10]} Bxb5+ {[%emt 0:05:12]} 26. Nxb5 {[%emt 0:00:06]} Ke7 {[%emt 0:00:27]} 27. Rd3 {[%emt 0:04:40]} Rc8 {[%emt 0:01:07]} 28. Ke2 {[%emt 0:01:15]} Rc5 {[%emt 0:00:41]} 29. Nd4 {[%emt 0:00:17]} g6 {[%emt 0:01:16]} 30. g4 {[%emt 0:05:17]} Rc8 {[%emt 0:01:20]} 31. f3 {[%emt 0:00:25]} Kd6 {[%emt 0:01:25]} 32. Re3 {[%emt 0:02:09]} Rb8 {[%emt 0:10:26]} 33. a4 {[%emt 0:01:22]} Re8 {[%emt 0:03:34]} 34. Rxe8 {[%emt 0:07:56]} Nxe8 {[%emt 0:00:08]} 35. b4 {[%emt 0:00:17]} axb4 {[%emt 0:01:19]} 36. cxb4 {[%emt 0:00:06]} Nc7 {[%emt 0:02:19]} 37. Ke3 {[%emt 0:01:09]} Ke5 {[%emt 0:03:26]} 38. f4+ {[%emt 0:02:17]} Kd6 {[%emt 0:00:34]} 39. Kd3 {[%emt 0:01:08]} Na6 {[%emt 0:03:16]} 40. Nb5+ {[%emt 0:00:00]} Kc6 {[%emt 0:00:00]} 41. Kc3 {[%emt 0:03:15]} f6 {[%emt 0:14:07]} 42. h4 {[%emt 0:03:48]} Kd7 {[%emt 0:06:35]} 43. h5 {[%emt 0:03:20]} gxh5 {[%emt 0:01:21]} 44. gxh5 {[%emt 0:00:07]} b6 {[%emt 0:06:03]} 45. Nd4 {[%emt 0:02:23]} Nc7 {[%emt 0:00:50]} 46. a5 {[%emt 0:00:21]} bxa5 {[%emt 0:00:05]} 47. bxa5 {[%emt 0:00:06]} Na6 {[%emt 0:03:32]} 48. Nf5 {[%emt 0:01:10]} Nc5 {[%emt 0:01:17]} 49. Nxh6 {[%emt 0:00:13]} Ne4+ {[%emt 0:01:01]} 50. Kd4 {[%emt 0:00:47]} Ng3 {[%emt 0:00:07]} 51. Kxd5 {[%emt 0:02:16]} Nxh5 {[%emt 0:00:19]} 52. f5 {[%emt 0:00:12]} Kc7 {[%emt 0:00:17]} 53. Kc5 {[%emt 0:00:15]} Kb7 {[%emt 0:00:16]} 54. Kb5 {[%emt 0:00:32]} Ng7 {[%emt 0:00:22]} 55. a6+ {[%emt 0:00:18]} Ka7 {[%emt 0:00:03]} 56. Ka5 {[%emt 0:00:10]} Ne8 {[%emt 0:00:56]} 57. Ng8 {[%emt 0:00:50]} Nc7 {[%emt 0:03:03]} 58. Nxf6 {[%emt 0:00:28]} Nxa6 {[%emt 0:00:03]} 59. Nd5 {[%emt 0:00:51]} Nc5 {[%emt 0:00:49]} 60. f6 {[%emt 0:04:12]} Nd7 {[%emt 0:01:31]} 61. f7 {[%emt 0:00:12]} Kb7 {[%emt 0:00:13]} 62. Kb5 {[%emt 0:00:19]} Nf8 {[%emt 0:00:23]} 63. Kc5 {[%emt 0:00:38]} Kc8 {[%emt 0:00:55]} 64. Kd6 {[%emt 0:00:10]} Kd8 {[%emt 0:00:42]} 65. Nf4 {[%emt 0:01:01]} Nh7 {[%emt 0:00:30]} 66. Ng6 {[%emt 0:00:55]} Kc8 {[%emt 0:00:06]} 67. Ke7 {[%emt 0:00:16]} Kc7 {[%emt 0:00:15]} 68. Ne5 {[%emt 0:00:13]} Kc8 {[%emt 0:01:16]} 69. Ng4 {[%emt 0:00:15]} Kc7 {[%emt 0:00:13]} 70. Nf6 {[%emt 0:00:07]} 1-0

[Event "POL-chT 2 Liga 2019"]
[Site "Poronin"]
[Date "2019.09.11"]
[Round "5.12"]
[White "Kubicka, Anna"]
[Black "Lukasiewicz, Anna"]
[Result "1/2-1/2"]
[WhiteElo "2225"]
[BlackElo "2075"]
[Annotator "NA"]
[PlyCount "117"]
[EventDate "2019.09.07"]
[EventType "team-tourn"]
[EventCountry "POL"]
[SourceTitle "playchess.com"]
[Source "ChessBase"]
[SourceQuality "1"]
[TimeControl "40/5400+30:1800+30"]

1. e4 {[%emt 0:00:00]} c5 {[%emt 0:00:00]} 2. Nf3 {[%emt 0:00:00]} Nc6 {[%emt 0:00:00]} 3. d4 {[%emt 0:00:04]} cxd4 {[%emt 0:00:13]} 4. Nxd4 {[%emt 0:00:05]} g6 {[%emt 0:00:27]} 5. c4 {[%emt 0:00:17]} Nf6 {[%emt 0:00:26]} 6. Nc3 {[%emt 0:00:12]} Nxd4 {[%emt 0:00:47]} 7. Qxd4 {[%emt 0:00:18]} d6 {[%emt 0:00:22]} 8. Be2 {[%emt 0:00:45]} Bg7 {[%emt 0:00:37]} 9. Be3 {[%emt 0:00:14]} O-O {[%emt 0:00:32]} 10. Qd2 {[%emt 0:00:13]} Be6 {[%emt 0:01:39]} 11. O-O {[%emt 0:01:39]} Qa5 {[%emt 0:07:20]} 12. Rac1 {[%emt 0:00:12]} Rfc8 {[%emt 0:00:50]} 13. b3 {[%emt 0:00:20]} a6 {[%emt 0:03:23]} 14. f3 {[%emt 0:00:46]} b5 {[%emt 0:02:54]} 15. Nd5 {[%emt 0:42:06]} Qxd2 {[%emt 0:01:21]} 16. Bxd2 {[%emt 0:00:04]} Nxd5 {[%emt 0:01:12]} 17. cxd5 {[%emt 0:09:13]} Bd4+ {[%emt 0:00:46]} 18. Kh1 {[%emt 0:01:34]} Bd7 {[%emt 0:00:11]} 19. Rxc8+ {[%emt 0:02:06]} Rxc8 {[%emt 0:00:09]} 20. Rc1 {[%emt 0:00:16]} Rxc1+ {[%emt 0:04:00]} 21. Bxc1 {[%emt 0:00:01]} h5 {[%emt 0:03:57]} 22. g3 {[%emt 0:00:30]} Kg7 {[%emt 0:06:47]} 23. Kg2 {[%emt 0:00:14]} a5 {[%emt 0:24:57]} 24. Bg5 {[%emt 0:05:35]} f6 {[%emt 0:00:42]} 25. Bd2 {[%emt 0:00:22]} b4 {[%emt 0:00:30]} 26. Bc4 {[%emt 0:03:12]} f5 {[%emt 0:02:28]} 27. Bg5 {[%emt 0:04:59]} Kf7 {[%emt 0:00:35]} 28. h3 {[%emt 0:04:15]} fxe4 {[%emt 0:01:49]} 29. fxe4 {[%emt 0:00:09]} a4 {[%emt 0:08:14]} 30. Be2 {[%emt 0:04:27]} axb3 {[%emt 0:04:07]} 31. axb3 {[%emt 0:00:09]} e5 {[%emt 0:05:18]} 32. Bf1 {[%emt 0:10:08]} Bc8 {[%emt 0:03:54]} 33. Kf3 {[%emt 0:04:21]} Bd7 {[%emt 0:01:39]} 34. Bd2 {[%emt 0:01:05]} Bc5 {[%emt 0:01:06]} 35. g4 {[%emt 0:05:08]} hxg4+ {[%emt 0:09:00]} 36. hxg4 {[%emt 0:00:03]} Kf6 {[%emt 0:00:30]} 37. g5+ {[%emt 0:02:50]} Ke7 {[%emt 0:00:09]} 38. Ba6 {[%emt 0:00:22]} Kd8 {[%emt 0:02:06]} 39. Be3 {[%emt 0:00:37]} Bxe3 {[%emt 0:01:33]} 40. Kxe3 {[%emt 0:00:00]} Kc7 {[%emt 0:00:00]} 41. Be2 {[%emt 0:01:20]} Kb6 {[%emt 0:03:11]} 42. Bd1 {[%emt 0:01:17]} Kc5 {[%emt 0:00:53]} 43. Bf3 {[%emt 0:01:39]} Kb6 {[%emt 0:01:16]} 44. Be2 {[%emt 0:02:47]} Kc5 {[%emt 0:01:38]} 45. Bd1 {[%emt 0:02:02]} Kb6 {[%emt 0:01:14]} 46. Kd2 {[%emt 0:01:07]} Kc5 {[%emt 0:00:32]} 47. Kd3 {[%emt 0:00:19]} Bb5+ {[%emt 0:00:26]} 48. Ke3 {[%emt 0:00:05]} Bd7 {[%emt 0:00:09]} 49. Bf3 {[%emt 0:05:18]} Kb6 {[%emt 0:00:31]} 50. Be2 {[%emt 0:00:17]} Kc5 {[%emt 0:00:25]} 51. Bd1 {[%emt 0:06:30]} Kb6 {[%emt 0:00:39]} 52. Kd3 {[%emt 0:00:21]} Bb5+ {[%emt 0:00:48]} 53. Kd2 {[%emt 0:01:12]} Bd7 {[%emt 0:00:36]} 54. Ke3 {[%emt 0:00:10]} Kc5 {[%emt 0:00:13]} 55. Be2 {[%emt 0:01:16]} Kb6 {[%emt 0:00:14]} 56. Bf3 {[%emt 0:00:33]} Kc5 {[%emt 0:00:07]} 57. Kd3 {[%emt 0:01:17]} Bb5+ {[%emt 0:00:05]} 58. Ke3 {[%emt 0:00:04]} Bd7 {[%emt 0:00:04]} 59. Be2 {[%emt 0:00:26]} 1/2-1/2

[Event "POL-chT 2 Liga 2019"]
[Site "Poronin"]
[Date "2019.09.11"]
[Round "5.13"]
[White "Stachowiak, Kamil"]
[Black "Polok, Kacper"]
[Result "1-0"]
[WhiteElo "2444"]
[BlackElo "2307"]
[Annotator "NA"]
[PlyCount "75"]
[EventDate "2019.09.07"]
[EventType "team-tourn"]
[EventCountry "POL"]
[SourceTitle "playchess.com"]
[Source "ChessBase"]
[SourceQuality "1"]
[TimeControl "40/5400+30:1800+30"]

1. d4 {[%emt 0:00:00]} Nf6 {[%emt 0:00:11]} 2. Nf3 {[%emt 0:00:00]} e6 {[%emt 0:00:16]} 3. c4 {[%emt 0:00:07]} Bb4+ {[%emt 0:01:03]} 4. Nbd2 {[%emt 0:00:34]} b6 {[%emt 0:03:08]} 5. g3 {[%emt 0:00:26]} Bb7 {[%emt 0:00:40]} 6. Bg2 {[%emt 0:00:18]} O-O {[%emt 0:00:43]} 7. O-O {[%emt 0:00:09]} Bxd2 {[%emt 0:00:30]} 8. Bxd2 {[%emt 0:00:38]} d6 {[%emt 0:00:33]} 9. b4 {[%emt 0:07:16]} Nbd7 {[%emt 0:10:10]} 10. Bc3 {[%emt 0:04:41]} Qe7 {[%emt 0:02:55]} 11. Qb3 {[%emt 0:03:37]} Be4 {[%emt 0:09:55]} 12. Rfe1 {[%emt 0:06:20]} c6 {[%emt 0:02:37]} 13. Bf1 {[%emt 0:09:04]} Bxf3 {[%emt 0:10:31]} 14. exf3 {[%emt 0:01:25]} d5 {[%emt 0:00:07]} 15. b5 {[%emt 0:03:04]} Qd6 {[%emt 0:06:54]} 16. Bb4 {[%emt 0:20:29]} c5 {[%emt 0:00:26]} 17. Ba3 {[%emt 0:00:09]} Rfc8 {[%emt 0:11:27]} 18. Rad1 {[%emt 0:14:31]} Rc7 {[%emt 0:02:26]} 19. f4 {[%emt 0:02:45]} Rd8 {[%emt 0:11:26]} 20. f5 {[%emt 0:03:28]} Nf8 {[%emt 0:05:57]} 21. dxc5 {[%emt 0:02:22]} bxc5 {[%emt 0:00:22]} 22. fxe6 {[%emt 0:07:34]} fxe6 {[%emt 0:00:40]} 23. cxd5 {[%emt 0:00:12]} exd5 {[%emt 0:00:11]} 24. Bg2 {[%emt 0:00:47]} Rcd7 {[%emt 0:03:42]} 25. Bb2 {[%emt 0:03:16]} c4 {[%emt 0:01:13]} 26. Qe3 {[%emt 0:07:57]} Re8 {[%emt 0:02:49]} 27. Qd2 {[%emt 0:01:23]} Rxe1+ {[%emt 0:01:14]} 28. Qxe1 {[%emt 0:00:02]} Re7 {[%emt 0:03:20]} 29. Qd2 {[%emt 0:00:38]} N8d7 {[%emt 0:05:00]} 30. a4 {[%emt 0:00:34]} Nc5 {[%emt 0:01:48]} 31. Bxf6 {[%emt 0:00:14]} gxf6 {[%emt 0:00:12]} 32. Bxd5+ {[%emt 0:00:27]} Kg7 {[%emt 0:00:06]} 33. Qd4 {[%emt 0:01:17]} Rd7 {[%emt 0:01:57]} 34. Qxc4 {[%emt 0:00:10]} Kf8 {[%emt 0:00:51]} 35. Bf3 {[%emt 0:00:19]} Qe7 {[%emt 0:00:27]} 36. Rxd7 {[%emt 0:00:48]} Nxd7 {[%emt 0:00:07]} 37. Qc8+ {[%emt 0:00:16]} Kg7 {[%emt 0:00:23]} 38. Qb7 {[%emt 0:00:38]} 1-0